000 00612nam a2200205Ia 4500
003 GCL
008 140319s9999 xx 000 0 ara d
040 _aGCL /
_cGCL
082 0 4 _a922.1
_bم ع
100 1 _aمحمد كامل حسن
245 1 0 _aعبدالله بن الزبير /
_cمحمد كامل حسن
260 _a[S.N] :
_bالمكتب العالمى ،
_c1983
300 _a87 ص
490 _aعظماء الاسلام
_v0
650 0 4 _aتاريخ
650 0 4 _aالاسلام
650 0 4 _aالصحابة والتابعون
650 0 4 _aعبدالله بن الزبير
942 _2ddc
_cBK
999 _c34558
_d34558